00958cam a22002531 4500001001300000003000400013005001700017008004100034010001700075035001900092040004200111042001200153050002200165082001000187110003200197245017100229260004900400300001900449500010300468650002300571650003200594711006100626999001700687l 38000072 DLC20260227111536.0780407s1938 sz 000 0 eng c al 38000072  a(OCoLC)3788925 aU. S. Dept. of Labor. Libr.cCCCdDLC apremarc00aHD4906b.I65 1938 a331.22 aInternational Labour Office10aStatistics of hours and wages in the principal mining and manufacturing industries, incluing building and construction, and in agriculture.cSixth item on the agenda. aGeneva,bInternational Labour Office,c1938. a113 p.c24 cm. aAt head of title: Report VI. International Labour Conference. Twenty-fourth session, Geneva, 1938. 0aWagesvStatistics. 0aHours of laborvStatistics.2 aInternational Labor Conferencen(24th :d1938 :cGeneva) c36254d36254